000 00589nam a2200229Ia 4500
001 12021
003 GE_BSU
008 181216s||||||||xx |||||||||||||| ||und||
040 _cGE_BSU
080 _a577.2
245 _aMolecular Biology and Biotechnology
245 _cEdited by John M. Walker and Ralph Rapley
250 _aFourth Edition
260 _aCambridge
260 _bRoyal Society of Chemistry
260 _c2002
300 _a563p.ill.23cm.
541 _h120 Gel.
653 _aMolecular Biology and Biotechnology
653 _aბიოლოგია
942 _cBK
999 _c45198
_d45198